书目信息 |
| 题名: |
大气环境工程师实用手册
|
|
| 作者: | 王玉彬 主编 | |
| 分册: | ||
| 出版信息: | 北京 环境科学出版社 2003.10 |
|
| 页数: | 812页 | |
| 开本: | 20cm | |
| 丛书名: | ||
| 单 册: | ||
| 中图分类: | X51-62 | |
| 科图分类: | ||
| 主题词: | 空气 , 空气污染 , 空气污染--污染防治 | |
| 电子资源: | ||
| ISBN: | 7-80163-773-9 | |
| 000 | 00637nam0 2200217 45 | |
| 001 | 0431146873 | |
| 005 | 2004060908390670 | |
| 010 | @a7-80163-773-9@dCNY 58.00 | |
| 100 | @a20040609d2003 km y0chiy0120 ea | |
| 101 | 0 | @achi |
| 102 | @aCN@b110000 | |
| 200 | 1 | @a大气环境工程师实用手册@ADa Qi Huan Jing Gong Cheng Shi Shi Yong Shou Ce@f王玉彬主编@FWang Yu Bin Zhu Bian |
| 210 | @a北京@c环境科学出版社@d2003.10 | |
| 215 | @a812页@d20cm | |
| 606 | 0 | @a空气 |
| 606 | 0 | @a空气污染 |
| 606 | 0 | @a空气污染@x污染防治 |
| 690 | @aX51-62@v3 | |
| 701 | 0 | @a王玉彬@AWang Yu Bin@4主编 |
| 801 | 0 | @aCN@bPFT@c20040609 |
| 905 | @a安徽大学@dX51-62@eW440 | |
| 大气环境工程师实用手册/王玉彬主编.-北京:环境科学出版社,2003.10 |
| 812页;20cm |
| ISBN 7-80163-773-9:CNY 58.00 |
| ● |
| 相关链接 |
|
|
|
正题名:大气环境工程师实用手册
索取号:X51-62/W440
 
预约/预借
| 序号 | 登录号 | 条形码 | 馆藏地/架位号 | 状态 | 备注 |
| 1 | 379483 | 203794830 | 自科库501/501自科库 68排7列4层/ [索取号:X51-62/W440] | 在馆 | |
| 2 | 379484 | 203794849 | 自科库501/501自科库 68排7列4层/ [索取号:X51-62/W440] | 在馆 | |
| 3 | 379485 | 203794858 | 自科库501/501自科库 68排7列4层/ [索取号:X51-62/W440] | 在馆 | |
| 4 | 903879 | 209038799 | 市政与环境工程学院资料室/501自科库 62排7列3层/ [索取号:X51-62/W440] | 在馆 | |
| 5 | 903880 | 209038806 | 自科库501/501自科库 68排7列4层/ [索取号:X51-62/W440] | 在馆 | |
| 6 | 903881 | 209038815 | 市政与环境工程学院资料室/501自科库 62排7列3层/ [索取号:X51-62/W440] | 在馆 |